RUGBY - Les clubs de PRO D2 - 24/25 - Statistiques

Statistiques générales
  • Ce quiz a été pris 112 fois
  • Le résultat moyen est 12 sur 16
Statistiques - réponses
Réponse % Correct
FC Grenoble Rugby
89%
Biarritz Olympique PB
85%
Stade Niçois Rugby
85%
US Dax
81%
CA Brive
80%
US Montalbanaise
77%
Stade Montois Rugby
76%
AS Béziers Hérault
73%
Provence Rugby
71%
Oyonnax Rugby
70%
SU Agen
68%
Stade Aurillacois
67%
Colomiers Rugby
66%
USON Nevers
66%
Soyaux-Angoulême XV
61%
Valence Romans
51%
Aucun quiz correspondant
Distribution des résultats
% des personnes avec chaque résultat
Percentile par nombre de réponses
Votre historique - résultats
Vous n’avez pas pris ce quiz